00429nam a2200157Ia 4500003000400000005001700004008004100021020001800062040002900080050002600109100002100135245004700156260003100203300002200234650001500256OSt20230809152313.0221221s9999 xx 000 0 und d a9780073379487 cChuka University Library aBSL 5657.4b.Z55 2009 aZimmerman, J. L. 0aAccounting for Decision Making and Control aBostonbMcGraw Hill c2009 a733pbIllustrated aAccounting